| 000 | 00353nam a2200121Ia 4500 | ||
|---|---|---|---|
| 005 | 20251222141912.0 | ||
| 008 | 251222s9999||||xx |||||||||||||| ||spa|| | ||
| 020 | _a970-665-232-9 | ||
| 082 | _a382.1/C75 | ||
| 245 | 0 | _aConocimientos Básicos de comercio Exterior para Contador Público | |
| 264 | _bColegio de Contadores Públicos de México | ||
| 942 | _cLIB | ||
| 999 |
_c8411 _d8411 |
||